Vegetable Production Under Arid and Semi-Arid Conditions In Tropical Africa (Record no. 14284)

MARC details
000 -LEADER
fixed length control field 00434nam a22001577a 4500
003 - CONTROL NUMBER IDENTIFIER
control field OSt
005 - DATE AND TIME OF LATEST TRANSACTION
control field 20211022092426.0
008 - FIXED-LENGTH DATA ELEMENTS--GENERAL INFORMATION
fixed length control field 211022b |||||||| |||| 00| 0 eng d
020 ## - INTERNATIONAL STANDARD BOOK NUMBER
International Standard Book Number 92-5-102718-8
040 ## - CATALOGING SOURCE
Transcribing agency Hawassa University
050 ## - LIBRARY OF CONGRESS CALL NUMBER
Classification number 635.096/VEG
Item number 3
082 ## - DEWEY DECIMAL CLASSIFICATION NUMBER
Classification number 635.096/VEG
Item number 3
245 ## - TITLE STATEMENT
Title Vegetable Production Under Arid and Semi-Arid Conditions In Tropical Africa
260 ## - PUBLICATION, DISTRIBUTION, ETC.
Place of publication, distribution, etc. Rome
Name of publisher, distributor, etc. FAO
Date of publication, distribution, etc. 1988
942 ## - ADDED ENTRY ELEMENTS (KOHA)
Source of classification or shelving scheme Dewey Decimal Classification
Koha item type Books like text book referance book
Suppress in OPAC No
Holdings
Withdrawn status Lost status Source of classification or shelving scheme Damaged status Not for loan Home library Current library Date acquired Total Checkouts Full call number Barcode Date last seen Copy number Price effective from Koha item type
    Dewey Decimal Classification     College of Agriculture Library College of Agriculture Library 10/22/2021   635.096/VEG ALIB0009236 10/22/2021 1 10/22/2021 Books like text book referance book
    Dewey Decimal Classification     College of Agriculture Library College of Agriculture Library 10/22/2021   635.096/VEG ALIB0009237 10/22/2021 2 10/22/2021 Books like text book referance book
    Dewey Decimal Classification     College of Agriculture Library College of Agriculture Library 10/22/2021   635.096/VEG ALIB0009238 10/22/2021 3 10/22/2021 Books like text book referance book